駅名に「富士」が含まれる日本の鉄道駅 - Statistics

General Stats
  • This quiz has been taken 298 times
  • The average score is 12 of 20
Answer Stats
路線名 Answer % Correct
東海道本線/身延線 富士
100%
根室本線 新富士
95%
東海道新幹線 新富士
95%
中央東線 富士見
91%
富士急行線 富士山
86%
身延線 富士宮
83%
東海道本線 富士川
78%
身延線 西富士宮
67%
東京メトロ丸ノ内線 中野富士見町
63%
富士急行線 富士急ハイランド
60%
西武池袋線 富士見台
58%
境線 富士見町
56%
湘南モノレール 富士見町
56%
京王井の頭線 富士見ヶ丘
54%
御殿場線 富士岡
42%
上毛電気鉄道上毛線 富士山下
38%
身延線 富士根
30%
名鉄名古屋本線 富士松
29%
岳南鉄道線 岳南富士岡
28%
伊豆箱根鉄道大雄山線 富士フイルム前
22%
No matching quizzes found
Score Distribution
Percent of People with Each Score
Percentile by Number Answered
Your Score History
You have not taken this quiz